| 000 | 01227nab a22002417a 4500 | ||
|---|---|---|---|
| 999 |
_c5381 _d5381 |
||
| 003 | OSt | ||
| 005 | 20250306135037.0 | ||
| 008 | 190603e xxum|||| |||| 00| 0 spa d | ||
| 040 | _cPJ | ||
| 100 |
_96412 _aMenicocci, Alejandro Aldo |
||
| 245 | 1 | 3 |
_aLa autonomía de las partes en el derecho y en el derecho internacional privado / _cAlejandro Aldo Menicocci. |
| 260 |
_cCiudad Autónoma de Buenos Aires : _aThomson Reuters La Ley, _b2024. |
||
| 300 | _ap. 36-44 | ||
| 500 | _aCita Online: TR LALEY AR/DOC/1627/2024. | ||
| 505 | _aSumario: I. Autonomía. Concepto.— II. Autonomía en el derecho internacional privado.— III. La autonomía de las partes en el derecho de las obligaciones.— IV. La autonomía y el estatuto de la persona humana.— V. A modo de conclusión. | ||
| 505 | _t¿Te interesa el texto completo? Solicitalo al correo: koha@justierradelfuego.gov.ar | ||
| 650 | 0 |
_9327 _aDERECHO INTERNACIONAL PRIVADO |
|
| 650 | 0 |
_9962 _aMATRIMONIO |
|
| 650 | 0 |
_93474 _aAUTONOMÍA DE LA VOLUNTAD |
|
| 650 | 0 |
_91497 _aCODIGO CIVIL Y COMERCIAL |
|
| 773 | 0 |
_02713 _93170 _dCiudad Autónoma de Buenos Aires : Thomson Reuters La Ley, 2015- _tRevista Código Civil y Comercial. Nº 4 - Agosto 2024 |
|
| 942 |
_2udc _cANA |
||